000 00367 a2200133 4500
005 20250312095906.0
020 _a0-02-384590-2
082 _a658.834 MOW
100 _aMOWEN, J. C.
245 _aConsumer Behavior
260 _aNew York
_bMacmillan Publishing Company
_c1987
300 _axvi, 687p., ill., picture, table, figure
_bGlossary, Index
_c23cm
942 _2ddc
_cBKS
999 _c437
_d437